| 000 | 00497nam a2200181Ia 4500 | ||
|---|---|---|---|
| 005 | 20250326123635.0 | ||
| 008 | 250326s9999 xx 000 0 und d | ||
| 037 | _aTextbook | ||
| 040 |
_aFMSL _beng _cFMSL |
||
| 041 |
_aeng _2eng |
||
| 084 |
_aC83(D) K0 _qFMSL |
||
| 100 |
_aVlack L H Van _9735678 |
||
| 245 | 0 |
_aElements of materials science _cVlack L H Van |
|
| 260 |
_aUSA _bUSA, Addison-Wesley _c1960 |
||
| 300 | _a528p | ||
| 942 |
_cTB _hC83(D) K0 |
||
| 999 |
_c1270278 _d1270278 |
||